| 000 | 01102nam a2200277 a 4500 | ||
|---|---|---|---|
| 001 | BRCA_5472 | ||
| 005 | 20190320205107.0 | ||
| 008 | 140111s2004----mx-a######---#000-0#spa-# | ||
| 020 | _a9703503950 | ||
| 041 | _aspa | ||
| 044 | _amx | ||
| 050 | 4 |
_aND1635 _b.M38 2004 |
|
| 245 | 1 | 0 |
_aLa materia del arte _bJosé María Velasco y Hermenegildo Bustos _c[cuidado de la edición, Juan Antonio Perujo Cano]. |
| 260 |
_aMéxico _bCONACULTA-INBA _c2004 |
||
| 300 |
_a129 p. _bil. (algunas a color) _c22 cm. |
||
| 500 | _aCatálogo de exposición realizada en el Museo Nacional de Arte (Ciudad de México), 15 junio - 3 octubre, 2004 | ||
| 504 | _aIncluye referencias bibliográficas | ||
| 600 | 1 | 4 |
_aVelasco, José María _d1840-1912 _vExposiciones _94961 |
| 600 | 1 | 4 |
_aBustos, Hermenegildo _d1832-1907 _vExposiciones _913979 |
| 650 | 1 | 4 |
_aPintura _vExposiciones _913980 |
| 650 | 1 | 4 |
_aPintura _vExposiciones _xTécnicas _913981 |
| 700 | 1 |
_aPerujo Cano, Juan Antonio _95226 |
|
| 710 | 2 |
_aMuseo Nacional de Arte (México) _9114 |
|
| 710 | 2 |
_aInstituto Nacional de Bellas Artes (México) _913982 |
|
| 942 |
_2lcc _cB |
||
| 999 |
_c5166 _d5166 |
||